Geography Quiz

Random Geography or City Quiz

City by Code Quiz Stats

 Plays Quiz Updated Sep 27, 2019

Score 0/39 Timer 08:00
0 Plays Today
Area Code Major City % Correct
212New York City, New York
59.8%
202Washington, DC
47.6%
312Chicago, Illinois
30.3%
617Boston, Massachusetts
28.2%
213Los Angeles, California
27.4%
215Philadelphia, Pennsylvania
26.2%
404Atlanta, Georgia
24.4%
303Denver, Colorado
23.6%
305Miami, Florida
23.3%
313Detroit, Michigan
20.8%
206Seattle, Washington
20.6%
415San Francisco, California
20%
214Dallas, Texas
19.7%
410Baltimore, Maryland
19.2%
314St. Louis, Missouri
17%
619San Diego, California
16.8%
713Houston, Texas
16%
412Pittsburgh, Pennsylvania
15%
216Cleveland, Ohio
14.7%
612Minneapolis, Minnesota
14.2%
Area Code Major City % Correct
702Las Vegas, Nevada
14%
317Indianapolis, Indiana
13.7%
602Phoenix, Arizona
13.7%
504New Orleans, Louisana
13.4%
808Honolulu, Hawaii
13.3%
407Orlando, Florida
12.8%
210San Antonio, Texas
12.6%
513Cincinnati, Ohio
12.6%
503Portland, Oregon
11.7%
615Nashville, Tennessee
11.4%
414Milwaukee, Wisconsin
11%
401Providence, Rhode Island
10.9%
704Charlotte, North Carolina
10.5%
801Salt Lake City, Utah
10.4%
813Tampa, Florida
9.2%
901Memphis, Tennessee
9.2%
816Kansas City, Missouri
8.9%
907Anchorage, Alaska
8%
501Little Rock, Arkansas
6.6%

You're not logged in!

Compare scores with friends on all Sporcle quizzes.
OR
Log In

Sporcle TV

Today on Sporcle TV


Watch our educational content, quiz creation guides, and fun videos on Sporcle TV.

Show Comments

Extras

Top Quizzes Today


Score Distribution

Your Account Isn't Verified!

In order to create a playlist on Sporcle, you need to verify the email address you used during registration. Go to your Sporcle Settings to finish the process.

Report this User

Report this user for behavior that violates our Community Guidelines.

Details: